[Event "FRA-chT3"]
[Site "France"]
[Date "2001.??.??"]
[Round "7"]
[White "Bodereau, Marc"]
[Black "Deregnaucourt, Yves"]
[Result "1-0"]
[WhiteElo "1720"]
[BlackElo "1740"]
[PlyCount "83"]
[EventDate "2001.??.??"]
[EventType "team-tourn"]
[EventRounds "9"]
[EventCountry "FRA"]
[SourceTitle "EXT 2003"]
[Source "ChessBase"]
[SourceDate "2002.11.25"]
[SourceVersion "1"]
[SourceVersionDate "2002.11.25"]
[SourceQuality "1"]

1. e4 e5 2. Nf3 Nc6 3. d4 exd4 4. Nxd4 Bc5 5. Be3 Qf6 6. c3 Nge7 7. Bc4 Ne5 8. Bb3 Qg6 9. 0-0 d5 10. Bf4 Qxe4 11. Bxe5 Qxe5 12. Re1 Qg5 13. Nf3 Qf6 14. Qxd5 Bd6 15. Nbd2 c6 16. Qd4 Qxd4 17. Nxd4 0-0 18. Ne4 Be5 19. Rad1 Ng6 20. g3 Bg4 21. f3 Bxd4+ 22. Rxd4 Bxf3 23. Ng5 Bd5 24. Bxd5 cxd5 25. Rxd5 h6 26. Nf3 Rfe8 27. Kf2 Rad8 28. Rxe8+ Rxe8 29. Rd7 Re7 30. Rxe7 Nxe7 31. Ke3 f6 32. Nd4 a6 33. a4 Kf7 34. Ke4 g6 35. b4 f5+ 36. Ke5 b6 37. b5 axb5 38. axb5 Nc8 39. Nc6 Ne7 40. c4 g5 41. Nxe7 Kxe7 42. Kxf5 1-0

[Event "FRA-chT3"]
[Site "France"]
[Date "2001.??.??"]
[Round "6"]
[White "Deregnaucourt, Yves"]
[Black "Verot, Melanie"]
[Result "0-1"]
[WhiteElo "1740"]
[BlackElo "1890"]
[PlyCount "107"]
[EventDate "2001.??.??"]
[EventType "team-tourn"]
[EventRounds "9"]
[EventCountry "FRA"]
[SourceTitle "EXT 2003"]
[Source "ChessBase"]
[SourceDate "2002.11.25"]
[SourceVersion "1"]
[SourceVersionDate "2002.11.25"]
[SourceQuality "1"]

1. e4 c5 2. d4 cxd4 3. c3 dxc3 4. Nxc3 Nc6 5. Nf3 d6 6. Bc4 e6 7. Qe2 Nf6 8. 0-0 Be7 9. Rd1 e5 10. h3 0-0 11. Bg5 Be6 12. Nb5 a6 13. Bxf6 Bxc4 14. Qxc4 axb5 15. Bxe7 bxc4 16. Bxd8 Rfxd8 17. a3 g6 18. Rac1 b5 19. Rd5 Rab8 20. Rcd1 b4 21. Rxd6 c3 22. Rxd8+ Rxd8 23. Rxd8+ Nxd8 24. bxc3 bxa3 25. Ne1 Ne6 26. Nc2 a2 27. f3 Nc5 28. Na1 Kf8 29. Kf1 Na4 30. Ke2 Nxc3+ 31. Kd2 Nb5 32. Kc1 Nd4 33. Kb2 Ke7 34. Kxa2 f5 35. Kb2 Kd6 36. Nc2 Nxc2 37. Kxc2 f4 38. h4 h6 39. Kd3 Kc5 40. Kc3 h5 41. Kd3 Kb4 42. Ke2 Kc4 43. Kd2 Kd4 44. Ke2 Kc3 45. Kf2 Kd2 46. g3 fxg3+ 47. Kxg3 Ke3 48. Kg2 Kf4 49. Kf2 g5 50. hxg5 Kxg5 51. Ke3 h4 52. f4+ exf4+ 53. Kf3 h3 54. e5 0-1